|
|
|
|
| LEADER |
00000nam a2200000 4500 |
| 001 |
vtls012254607 |
| 003 |
SK-MaSNL |
| 005 |
20260301222646.0 |
| 008 |
240415s2023 xo a a 000 u slo |
| 015 |
|
|
|a SNBA2024/04
|
| 020 |
|
|
|a 9788081804984
|q (brožované)
|
| 040 |
|
|
|a SNK
|b slo
|c SNK
|e rda
|
| 041 |
1 |
|
|a slo
|h eng
|
| 044 |
|
|
|a xo
|c SK
|
| 072 |
|
7 |
|a 821-93
|x Literatúra pre deti a mládež (beletria)
|2 konspekt
|
| 080 |
|
|
|a 391
|2 2011
|
| 080 |
|
|
|a (084.1.029.2)
|2 2011
|
| 080 |
|
|
|a 821-93
|2 2011
|
| 080 |
|
|
|a (076.1)
|2 2011
|
| 130 |
0 |
|
|a Dress up your friends - fashion
|l Slovensky
|9 612584
|
| 245 |
1 |
0 |
|a Čo si dnes oblečiem?
|p Na módnej prehliadke
|
| 246 |
3 |
0 |
|a Na módnej prehliadke
|
| 264 |
|
1 |
|a Košice
|b Taktik
|c [2023]
|
| 300 |
|
|
|a 6 nečíslovaných strán, 4 nečíslované listy samolepiek
|b farebné ilustrácie
|c 30 cm
|
| 336 |
|
|
|a statický obraz
|b sti
|2 rdacontent
|
| 336 |
|
|
|a text
|b txt
|2 rdacontent
|
| 337 |
|
|
|a bez média
|b n
|2 rdamedia
|
| 338 |
|
|
|a zväzok
|b nc
|2 rdacarrier
|
| 500 |
|
|
|a Preložené z angličtiny
|
| 500 |
|
|
|a Rok vydania podľa NA ISBN
|
| 500 |
|
|
|a Listy se samolepkami všité uprostred publikácie
|
| 500 |
|
|
|a Názov z obálky
|
| 521 |
8 |
|
|a Pre deti od 3 rokov
|
| 650 |
0 |
7 |
|a móda
|2 SNKPH
|9 19682
|
| 650 |
0 |
7 |
|a Fashion
|2 SNKPHeng
|9 268439
|
| 655 |
|
7 |
|a samolepky
|2 SNKPH
|9 79151
|
| 655 |
|
7 |
|a publikácie pre deti
|2 SNKPH
|9 70148
|
| 655 |
|
7 |
|a Stickers
|2 SNKPHeng
|9 303014
|
| 655 |
|
7 |
|a Publications for children
|2 SNKPHeng
|9 276792
|
| 655 |
|
7 |
|a pracovné zošity
|2 SNKPH
|9 70188
|
| 655 |
|
7 |
|a Activity books
|2 SNKPHeng
|9 302885
|
| 852 |
|
|
|a Slovenská národná knižnica
|
| 919 |
|
|
|a 978-80-8180-498-4
|
| 954 |
|
|
|a ilustrované knihy, leporelá, komiksy cudzojazyčné (svetové)
|2 lita
|
| 958 |
|
|
|a DB
|
| 968 |
|
|
|b ENG
|
| 999 |
|
|
|c 940621
|d 942551
|
| 952 |
|
|
|a SNK
|b SNK
|y PREZ
|7 0
|p 17A1546376
|o snkOSB 21281
|i snk2024/5917
|8 0
|0 0
|1 0
|4 0
|d 2024-04-15
|l 0
|r 2026-02-24 09:17:10
|w 2026-02-24
|